00680 2200241 4500001002100000005001500021035002000036245009400056100002600150250000600176300003800182700002100220260003100241082001100272084001800283020002200301650003000323990001700353990001700370990001700387990001700404990001700421INLIS00000000000060420190117031224 a0010-01190000601 aPemeliharaan Ikan Bandeng di Air Tawar /cM. Ghufran H. Kordi K; Editor, Linda Chandayani0 aM. Ghufran H. Kordi K a- axiii, 197 hlm. :bilus. ;c21 cm.0 aLinda Chandayani aJakarta :bPT Perca,c2007 a639.31 a639.31 GHU p a978-979-1491-90-7 aPeternakan Ikan air Tawar a02215/P/2018 a02216/P/2018 a02217/P/2018 a02218/P/2018 a02219/P/2018